| 000 | 00555nam a2200169 i 4500 | ||
|---|---|---|---|
| 001 | 71937 | ||
| 003 | ES-MaACL | ||
| 005 | 20250930063100.0 | ||
| 007 | t| | ||
| 008 | 040820s1913 sp ||||1| spa d | ||
| 100 | 1 |
_aGil y Gavilondo, Isidro, _d1843-1917 _956737 |
|
| 245 | 1 | 0 |
_aMemorias históricas de Burgos y su provincia _b: con noticias de la antigua arquitectura militar de esta comarca / _cIsidro Gil. |
| 260 |
_aBurgos : _bSegundo Fournier, _c1913. |
||
| 300 |
_a239 p. ; _c29 cm. |
||
| 852 |
_aES-MaACL _jF-111 |
||
| 999 |
_c71937 _d71937 |
||